• 首页
  • 本馆介绍
  • 公告通知
  • 最新文献
  • 馆藏检索
  • 电子资源
  • 读者导购
  • 参考咨询
  • 我的图书馆
  • 登录
  • 详细信息显示
  • 放入我的书架
  • 预约/预借图书
  • 作者相关作品
  • 分类相关作品
  • 丛书相关作品
  • 出版社相关作品

书目信息

  • 表格格式
  • 工作单格式
  • 卡片格式
题名:
形象与典型
    
 
作者: 蒋孔阳 著
分册:  
出版信息: 天津   百花文艺出版社  1980
页数: 221页
开本: 21cm
丛书名:
单 册:
中图分类: I025
科图分类:
主题词: 文学-形象 , 文学-典型 , 典型-文学 , 形象-文学
电子资源:
ISBN:
000 00665nam0 2200265 45
001 0180004482
005 20070729092049.45
010    @dCNY0.66
091    @aCN@b10151.522
100    @a19950321d1980 emky0chiy0121 ea
101 0  @achi
102    @aCN@b120000
105    @ay z 000yy
200 10 @a形象与典型@Axing xiang yu dian xing@f蒋孔阳著
210    @a天津@c百花文艺出版社@d1980@h1981
215    @a221页@d21cm
606    @a文学-形象
606    @a文学-典型
606    @a典型-文学
606    @a形象-文学
690    @aI025@v3
701  0 @a蒋孔阳@Ajiang kong yang@4著
801  2 @aCN@bNLC@c20070729
801  0 @aCN@bTSSF
905    @a10447@dI025@e60
    
    形象与典型/蒋孔阳著.-天津:百花文艺出版社,1980(1981)
    221页;21cm
    
    
    ISBN :CNY0.66
    
●
相关链接 在E读中查询图书 在五车中查询图书 在当当中查询图书 在豆瓣中查询图书


正题名:形象与典型     索取号:I025/60         预约/预借

序号 登录号 条形码 馆藏地/架位号 状态 备注
1 0785644   207856444   第一样本阅览室/ [索取号:I025/60] 在馆    
唐山师范学院图书馆 欢迎您!
大连网信软件有限公司© 版权所有